[Event "Titled Tue 17th Jun Early"]
[Site "chess.com INT"]
[Date "2025.06.17"]
[Round "8"]
[White "Ratkovic, Miloje"]
[Black "Aliyev, Elnur"]
[Result "1/2-1/2"]
[WhiteTitle "GM"]
[BlackTitle "CM"]
[WhiteElo "2489"]
[BlackElo "2123"]
[WhiteFideId "914517"]
[BlackFideId "13402617"]
[EventDate "2025.06.17"]

1. Nf3 c5 2. g3 Nc6 3. Bg2 e5 4. O-O g6 5. d3 Bg7 6. c4 Nge7 7. Nc3 d6 8. Ne1
Be6 9. Nc2 d5 10. cxd5 Nxd5 11. Rb1 O-O 12. a3 a5 13. a4 b6 14. Na3 Rb8 15. Nc4
Qd7 16. Nb5 Na7 17. Nxa7 Qxa7 18. Bd2 Rfd8 19. Qc1 Qd7 20. b3 Bh3 21. Bh6 Bxg2
22. Kxg2 Qe6 23. Bxg7 Kxg7 24. Qb2 f6 25. Rbd1 Ne7 26. Qc3 h5 27. Ne3 Nf5 28.
Qc4 Qc6+ 29. Kg1 Nd4 30. Rfe1 h4 31. g4 f5 32. f3 f4 33. Nc2 b5 34. Nxd4 Rxd4
35. axb5 Rxb5 36. Qc3 Qb6 37. Ra1 c4 38. Kg2 cxb3 39. Reb1 a4 40. Qc8 h3+ 41.
Kf1 b2 42. Ra2 Rc5 43. Rbxb2 Qxb2 44. Qxc5 Qb1+ 45. Kf2 Qxa2 46. Qxe5+ Kh7 47.
Qxd4 a3 48. Qa7+ Kg8 49. Qa8+ Kg7 50. g5 Qb3 51. Qa7+ Kf8 52. Qa8+ Ke7 53. Qa6
a2 54. Qf6+ Kd7 55. Qg7+ Kc6 56. Qxg6+ Kb5 57. Qf6 Qa3 58. Qa1 Kb4 59. g6 Qa7+
60. d4 Kb3 61. Qd1+ Kb2 62. Qd2+ Kb1 63. Qd1+ Kb2 64. Qd2+ Kb3 65. Qd3+ Kb2 66.
Qb5+ Kc2 67. Qc4+ Kb2 68. Qb4+ Kc2 69. Qc4+ Kb2 70. Qb5+ Kc2 71. Qd3+ Kb2 72.
Qd2+ 1/2-1/2

[Event "Titled Tue 17th Jun Early"]
[Site "chess.com INT"]
[Date "2025.06.17"]
[Round "8"]
[White "Dubnevych, Maksym"]
[Black "Savitha, Shri B"]
[Result "1-0"]
[WhiteTitle "FM"]
[BlackTitle "IM"]
[WhiteElo "2296"]
[BlackElo "2293"]
[WhiteFideId "14184001"]
[BlackFideId "35061887"]
[EventDate "2025.06.17"]

1. Nc3 c5 2. Nf3 d5 3. d4 cxd4 4. Qxd4 Nf6 5. e4 Nc6 6. Bb5 Bd7 7. Bxc6 Bxc6 8.
e5 Ng8 9. e6 fxe6 10. O-O Nf6 11. Re1 Qb6 12. Qh4 Bd7 13. Rb1 g6 14. Be3 Qa5 15.
Ne5 Bg7 16. Bh6 Bxh6 17. Qxh6 Qc7 18. Rbd1 O-O-O 19. Nf7 Rhf8 20. Nxd8 Qxd8 21.
h3 Kb8 22. Qe3 Qc7 23. Qe5 a6 24. a4 Qd6 25. f4 Kc8 26. Qxd6 exd6 27. g3 Kc7 28.
a5 Kc6 29. b4 Rc8 30. g4 h5 31. g5 Ne8 32. Ne2 Kb5 33. c3 Ng7 34. Nd4+ Kc4 35.
Re3 Rf8 36. Rf3 Nf5 37. Nxf5 Rxf5 38. Kf2 Bc6 39. Rd4+ Kb5 40. Kg3 Ka4 41. Re3
e5 42. fxe5 dxe5 43. Rd2 Rxg5+ 44. Kh4 Rf5 45. Rg3 e4 46. Rxg6 Kb3 47. Rg3 Kc4
48. Rd4+ Kb5 49. Re3 Re5 50. Kg3 Bd7 51. Kf4 Rf5+ 52. Kg3 Be6 53. c4+ dxc4 54.
Rdxe4 Bd5 55. Re5 Rxe5 56. Rxe5 Kc6 57. Kf4 h4 58. Ke3 Bg2 59. Kd4 Bxh3 60. Rh5
Bf1 61. Rxh4 Kb5 62. Kc3 Bd3 63. Rh6 Be4 64. Rb6+ Ka4 65. Kxc4 Bg2 66. Kc5 Bh1
67. Rh6 Bg2 68. Rh4 Bc6 69. Kb6 Bf3 70. b5+ Ka3 71. Rh3 1-0

[Event "Titled Tue 17th Jun Early"]
[Site "chess.com INT"]
[Date "2025.06.17"]
[Round "8"]
[White "Jval Saurin Patel"]
[Black "Cardozo Munar, Carlos Eduardo"]
[Result "1-0"]
[WhiteTitle "FM"]
[BlackTitle "FM"]
[WhiteElo "2331"]
[BlackElo "2052"]
[WhiteFideId "25968343"]
[BlackFideId "4409477"]
[EventDate "2025.06.17"]

1. b3 d5 2. Bb2 Nf6 3. e3 Bf5 4. Nf3 h6 5. Be2 e6 6. O-O Bd6 7. c4 Nbd7 8. Nc3
c6 9. d4 Qe7 10. Bd3 Bxd3 11. Qxd3 dxc4 12. bxc4 e5 13. Qc2 O-O 14. Rad1 Rfe8
15. Rfe1 Rad8 16. h3 a6 17. a4 exd4 18. exd4 Qf8 19. c5 Bc7 20. Bc1 Rxe1+ 21.
Rxe1 Re8 22. Be3 Re7 23. Rb1 Qc8 24. Nh4 Nf8 25. Nf5 Re8 26. g4 h5 27. f3 hxg4
28. hxg4 g6 29. Nh6+ Kg7 30. Bg5 N8h7 31. Bxf6+ Nxf6 32. g5 Qh3 33. Qg2 Qxg2+
34. Kxg2 Nh5 35. Rxb7 Nf4+ 36. Kf1 Ne6 37. d5 cxd5 38. Nxd5 Rc8 39. Nxc7 Rxc7
40. Rxc7 Nxc7 41. Kf2 Kf8 42. Ke3 Ne6 43. c6 Ke7 44. f4 Nc5 45. Kd4 Nxa4 46. Ng4
Nb6 47. Kc5 Nc8 48. Nf6 a5 49. Nd5+ Ke6 50. Nb6 Ne7 51. c7 a4 52. Kb4 a3 53.
Kxa3 Kf5 54. Kb4 Kxf4 55. Kc5 Kxg5 56. Nd5 Nc8 57. Nb6 Ne7 58. Kd6 Nf5+ 59. Kd7
f6 60. c8=Q Kg4 61. Qc1 g5 62. Nd5 Kf3 63. Nxf6 g4 64. Qf1+ Kg3 65. Ne4+ 1-0

[Event "Titled Tue 17th Jun Early"]
[Site "chess.com INT"]
[Date "2025.06.17"]
[Round "8"]
[White "Caku, Kler"]
[Black "Estrada Nieto, Julian"]
[Result "0-1"]
[WhiteTitle "WFM"]
[BlackTitle "IM"]
[WhiteElo "2010"]
[BlackElo "2181"]
[WhiteFideId "4704703"]
[BlackFideId "5101018"]
[EventDate "2025.06.17"]

1. e4 e5 2. Nf3 Nc6 3. d4 exd4 4. Nxd4 Nf6 5. Nc3 Bb4 6. Nxc6 bxc6 7. Bd3 d5 8.
exd5 O-O 9. O-O cxd5 10. Bg5 c6 11. Qf3 Bd6 12. Bxf6 Qxf6 13. Qxf6 gxf6 14. Ne2
Rb8 15. Rab1 Be5 16. c3 Bd7 17. f4 Bd6 18. Ng3 Rfe8 19. Nh5 Be7 20. Rfe1 Kf8 21.
Bxh7 f5 22. Ng3 Bc5+ 23. Kf1 Be3 24. Bxf5 Bxf5 25. Nxf5 Bxf4 26. g3 Rxe1+ 27.
Kxe1 Be5 28. Kd2 c5 29. b3 a5 30. Ne3 Rd8 31. Rd1 Ke7 32. Kc2 Ke6 33. c4 d4 34.
Nd5 Rh8 35. Rd2 f6 36. Re2 Kd6 37. Rf2 Ke6 38. Kd3 Ra8 39. Nb6 Ra6 40. Na4 Rc6
41. g4 Rc8 42. h4 Kd6 43. g5 fxg5 44. hxg5 Rg8 45. Rg2 Rg6 46. Ke4 Rg8 47. Nb2
Rf8 48. Nd3 Rg8 49. Nxe5 Re8 50. Kf5 Rxe5+ 51. Kf6 d3 52. Rd2 Re3 53. g6 Rf3+
54. Kg7 Ke5 55. Kg8 Kd4 56. g7 Kc3 57. Rd1 d2 58. Rg1 Re3 59. Kh8 Rh3+ 60. Kg8
Re3 61. Kf7 Rf3+ 62. Ke6 Re3+ 63. Kf5 Re1 64. Rg3+ Kb4 65. g8=Q d1=Q 66. Qb8+
Ka3 67. Qf4 Qd7+ 68. Kg5 Re8 69. Qf5 Rg8+ 70. Kf4 Qxf5+ 71. Kxf5 Rxg3 0-1

[Event "Titled Tue 17th Jun Early"]
[Site "chess.com INT"]
[Date "2025.06.17"]
[Round "8"]
[White "Asensio Ramos, Enrique Fernando"]
[Black "Thomforde-Toates, Noah"]
[Result "1-0"]
[WhiteTitle "CM"]
[WhiteElo "2200"]
[BlackElo "2128"]
[WhiteFideId "2214172"]
[BlackFideId "30951992"]
[EventDate "2025.06.17"]

1. d4 Nf6 2. Nc3 d5 3. Bf4 c5 4. e4 Nxe4 5. Nxe4 dxe4 6. dxc5 Qa5+ 7. c3 Qxc5 8.
Qa4+ Nc6 9. Qxe4 g6 10. Nf3 Bg7 11. Rd1 O-O 12. Be3 Bf5 13. Qh4 Qa5 14. Bc4 Ne5
15. Nxe5 Qxe5 16. O-O Bf6 17. Bd4 Bxh4 18. Bxe5 Rfd8 19. g3 Bg5 20. h4 Bh6 21.
Bb3 Bg4 22. f3 Bf5 23. g4 Bd3 24. Rfe1 Bb5 25. g5 Bf8 26. Bd5 Bc6 27. Bxc6 bxc6
28. b3 h6 29. Kf2 hxg5 30. hxg5 Bg7 31. Rxd8+ Rxd8 32. Bxg7 Kxg7 33. Rxe7 Rd2+
34. Re2 Rd3 35. c4 a5 36. Kg3 a4 37. bxa4 Ra3 38. Rc2 c5 39. Kf4 Rxa4 40. Ke4 f6
41. f4 fxg5 42. fxg5 Ra3 43. Rg2 Kf7 44. Kd5 Ke7 45. Kxc5 Ra5+ 46. Kb4 Rf5 47.
a4 Kd6 48. a5 Kc6 49. Re2 Rxg5 50. Re6+ Kc7 51. Rf6 Rg1 52. Kc5 Rg5+ 53. Kb4 Rg1
54. Kb5 g5 55. a6 g4 56. Rf7+ Kd6 57. c5+ Kd5 58. Rd7+ Ke6 59. Rg7 Kf5 60. a7
Ra1 61. Kb6 Rb1+ 62. Kc6 Ra1 63. Kb7 Rb1+ 64. Kc8 Ra1 65. Kb8 Rb1+ 66. Rb7 Rh1
67. a8=Q Rh8+ 68. Ka7 Rxa8+ 69. Kxa8 Ke5 70. Rg7 Kd5 71. Rg5+ Kc6 72. Ka7 g3 73.
Ka6 g2 74. Rxg2 Kxc5 75. Rg4 Kd5 76. Kb6 Ke5 77. Kc6 Kf5 78. Ra4 Ke5 79. Kc5 Ke6
80. Re4+ Kf5 81. Kd5 Kf6 82. Rf4+ Kg6 83. Ke5 Kg5 84. Re4 Kg6 85. Rg4+ Kf7 86.
Rg5 Ke7 87. Rg7+ Kd8 88. Ke6 Kc8 89. Kd6 Kb8 90. Kc6 Ka8 91. Kb6 Kb8 92. Rg8# 1-0

[Event "Titled Tue 17th Jun Early"]
[Site "chess.com INT"]
[Date "2025.06.17"]
[Round "8"]
[White "Cornelisse, Lorelei"]
[Black "Montejo Bello, Lorena Beatriz"]
[Result "0-1"]
[WhiteTitle "WFM"]
[BlackTitle "WFM"]
[WhiteElo "2138"]
[BlackElo "2090"]
[WhiteFideId "1087177"]
[BlackFideId "3529045"]
[EventDate "2025.06.17"]

1. d4 d5 2. Nc3 e6 3. Bf4 a6 4. e3 Nf6 5. g4 b5 6. g5 Nfd7 7. Qg4 b4 8. Na4 c5
9. Qg3 Bb7 10. Bc7 Qc8 11. Nf3 Bc6 12. Nxc5 Nxc5 13. dxc5 Bxc5 14. Bh3 O-O 15.
O-O Nd7 16. Nd4 Bxd4 17. exd4 Bb5 18. Rfe1 Ra7 19. Bd6 Re8 20. Bxb4 Qxc2 21. Bc3
Qg6 22. Bg2 Raa8 23. h4 Bd3 24. h5 Qxh5 25. Qxd3 Qxg5 26. Re3 Nf6 27. Rg3 Qf5
28. Qe3 Ng4 29. Qe2 Nf6 30. Bh3 Qh5 31. Qe3 Ne4 32. Rg2 f5 33. Rh2 Qg6+ 34. Bg2
Rf8 35. f4 Rac8 36. Kh1 Rc7 37. Bxe4 fxe4 38. Rg1 Qf5 39. Rhg2 g6 40. Qg3 Qxf4
41. Qxf4 Rxf4 42. Re1 Rcf7 43. Ree2 Rh4+ 44. Kg1 Rhf4 45. Bb4 Rf3 46. Bd6 Kg7
47. Be5+ Kg8 48. Rc2 Rf8 49. Rc7 R3f7 50. Rgc2 h5 51. Rc8 g5 52. R2c6 Rxc8 53.
Rxc8+ Kh7 54. Rh8+ Kg6 55. Rg8+ Kf5 56. Rh8 h4 57. Kg2 Kg4 58. Rb8 e3 59. Rb3
Rf2+ 60. Kg1 Kf3 61. Rd3 g4 62. Bf6 h3 63. Bh4 Rg2+ 64. Kh1 Rxb2 65. Bg5 Rb1+
66. Kh2 Rb2+ 67. Kh1 Re2 68. Kg1 g3 69. Kf1 Rf2+ 70. Ke1 h2 71. Rxe3+ Kg2 72.
Bf4 h1=Q# 0-1

[Event "Titled Tue 17th Jun Early"]
[Site "chess.com INT"]
[Date "2025.06.17"]
[Round "8"]
[White "Csonka, Balazs"]
[Black "Oro, Faustino"]
[Result "1-0"]
[WhiteTitle "IM"]
[BlackTitle "IM"]
[WhiteElo "2467"]
[BlackElo "2465"]
[WhiteFideId "742910"]
[BlackFideId "20000197"]
[EventDate "2025.06.17"]

1. d4 Nf6 2. c4 e6 3. g3 d5 4. Bg2 Be7 5. Nf3 O-O 6. O-O a5 7. Nc3 c6 8. Nd2 b5
9. cxb5 cxb5 10. Nxb5 Nc6 11. Nb1 Qb6 12. N1c3 Bd7 13. e3 Rfc8 14. Bd2 Nb4 15.
a4 h5 16. h4 g6 17. Qe2 Bc6 18. Rfc1 Rd8 19. Na2 Nxa2 20. Rxa2 Rac8 21. Raa1 Ne4
22. Be1 Be8 23. b3 Rb8 24. Rc2 Nd6 25. Bf1 Ne4 26. Rac1 Bb4 27. f3 Nf6 28. Bxb4
axb4 29. Qe1 Qa5 30. Nc7 Bd7 31. Na6 Rb7 32. Nc5 Rbb8 33. f4 Be8 34. Bg2 Kg7 35.
Bf3 Qb6 36. Kg2 Rd6 37. Nd3 Rdd8 38. Rc5 Nd7 39. Rb5 Qa7 40. Rxb8 Rxb8 41. Ne5
Nf6 42. Be2 Ne4 43. Bd3 Nc3 44. Nf3 Qe7 45. Ng1 Ne4 46. Nf3 Qd6 47. Bxe4 dxe4
48. Ne5 Qd5 49. Qd1 Rb7 50. Rc5 Qd6 51. Qc2 Qa6 52. Nc4 Qa8 53. Kf2 Qd8 54. Nd2
Rd7 55. Qxe4 Re7 56. Qe5+ f6 57. Qe4 Qd6 58. Qc2 Bd7 59. Ne4 Qb8 60. Rc7 Qd8 61.
Qc5 Kf7 62. Nd6+ Kg7 63. Nb7 Qe8 64. a5 e5 65. dxe5 fxe5 66. a6 exf4 67. gxf4
Qf7 68. a7 Re8 69. Nd6 Qe6 70. Nxe8+ Qxe8 71. a8=Q Qxa8 72. Rxd7+ Kh6 73. Rd2
Qe8 74. Qe5 Qb8 75. Qxb8 1-0

[Event "Titled Tue 17th Jun Early"]
[Site "chess.com INT"]
[Date "2025.06.17"]
[Round "8"]
[White "Krawczyk, Flawian"]
[Black "Kosakowski, Jakub"]
[Result "1/2-1/2"]
[WhiteTitle "CM"]
[BlackTitle "GM"]
[WhiteElo "2247"]
[BlackElo "2548"]
[WhiteFideId "21881413"]
[BlackFideId "1185080"]
[EventDate "2025.06.17"]

1. e4 c6 2. d4 d5 3. Nc3 dxe4 4. Nxe4 Nf6 5. Nxf6+ exf6 6. c3 Bd6 7. Bd3 O-O 8.
Qc2 Re8+ 9. Ne2 h5 10. O-O h4 11. h3 Nd7 12. Bd2 Nf8 13. Rae1 Bc7 14. f4 g6 15.
f5 g5 16. Qd1 c5 17. Bc4 Bd7 18. Nf4 Rxe1 19. Rxe1 Bxf4 20. Bxf4 Bxf5 21. Be3
cxd4 22. Bxd4 Ne6 23. Bxe6 fxe6 24. Qh5 Qe7 25. Qf3 Qf7 26. Qf2 b6 27. a4 Rd8
28. b4 Kh7 29. Ra1 Rd7 30. a5 b5 31. a6 Kg6 32. Rf1 Rd6 33. Ra1 Rd7 34. Rf1 Qe7
35. Qe2 Rd5 36. Qe3 Qd6 37. Ra1 e5 38. Bxa7 Rd1+ 39. Rxd1 Qxd1+ 40. Kh2 Qa1 41.
Qb6 Qxc3 42. Qxb5 Qg3+ 43. Kh1 Be4 44. Qe2 Qxh3+ 45. Kg1 Qd3 46. Qa2 h3 47. Qg8+
Kh5 48. Qh8+ Kg6 49. Qg8+ Kh5 50. Qh8+ Kg4 51. Qxh3+ Qxh3 52. gxh3+ Kxh3 53. b5
Bd3 54. Bc5 Bxb5 55. a7 Bc6 56. Be7 f5 57. Bxg5 Kg4 58. Bf6 e4 59. Bd4 Kf3 60.
Kf1 e3 61. Ke1 f4 62. Be5 Ke4 63. Bb8 f3 64. Bg3 Bb7 65. Kf1 Kf5 66. Be1 Kg4 67.
Kg1 Kf4 68. Kf1 Ke4 69. Bh4 Kd3 70. Ke1 Ba8 71. Bg3 Bb7 72. Bh4 Be4 73. Bg3 Bc6
74. Bh4 Ke4 75. Kf1 Kf4 76. Be1 Kg4 77. Kg1 Kh3 78. Kf1 Kh2 79. Bh4 Bb5+ 80. Ke1
Kg1 81. a8=Q f2+ 82. Bxf2+ exf2+ 83. Kd2 f1=Q 84. Qg8+ Kh2 85. Qh7+ Kg3 86. Qg6+
Kh4 87. Qh6+ Kg4 88. Qg6+ Kf4 89. Qf6+ Ke4 90. Qxf1 Bxf1 1/2-1/2

[Event "Titled Tue 17th Jun Early"]
[Site "chess.com INT"]
[Date "2025.06.17"]
[Round "8"]
[White "Subervi, Jonathan Sigfredo"]
[Black "Sabatier, Mathis"]
[Result "1-0"]
[WhiteTitle "FM"]
[BlackTitle "CM"]
[WhiteElo "2059"]
[BlackElo "2235"]
[WhiteFideId "6400345"]
[BlackFideId "26029685"]
[EventDate "2025.06.17"]

1. e4 e6 2. d4 d5 3. exd5 exd5 4. Bf4 Nf6 5. Nc3 c6 6. Qd2 Bd6 7. Bd3 O-O 8.
Nge2 Na6 9. a3 Nc7 10. O-O Ne6 11. Bxd6 Qxd6 12. Rfe1 Re8 13. Ng3 Nf4 14. Rxe8+
Nxe8 15. Re1 Be6 16. Nf5 Qc7 17. g3 Nxd3 18. Qxd3 Nd6 19. Nxd6 Qxd6 20. Qe3 h6
21. f3 Re8 22. Kf2 Bd7 23. Qd2 Re6 24. Rxe6 Qxe6 25. Ne2 Qh3 26. Kg1 Qf5 27. Kf2
Qf6 28. Qf4 Qxf4 29. Nxf4 g5 30. Nd3 b6 31. Ne5 Be8 32. g4 f6 33. Nd3 Kf7 34.
Kg3 Kg6 35. f4 Bd7 36. f5+ Kf7 37. h3 Ke7 38. Kf3 Kd6 39. Ke3 c5 40. b3 Bb5 41.
Nf2 Bf1 42. c3 a6 43. Kf3 b5 44. Ke3 a5 45. b4 cxb4 46. cxb4 axb4 47. axb4 Kc6
48. Kf3 Kd6 49. Kg3 Kc6 50. Nd1 Be2 51. Ne3 Bd3 52. h4 Be4 53. hxg5 hxg5 54. Nf1
Bd3 55. Nd2 Bc4 56. Nf3 Bd3 57. Ng1 Bc4 58. Kf3 Bd3 59. Ke3 Bc4 60. Nh3 Bf1 61.
Nf2 Bc4 62. Nh1 Bf1 63. Ng3 Bc4 64. Nh5 Bf1 65. Nxf6 Kd6 66. Nh7 Ke7 67. Nxg5
Kf6 68. Nf3 Bh3 69. Kf4 Bg2 70. g5+ Kf7 71. Ne5+ Ke7 72. g6 Kf6 73. Ng4+ Kg7 74.
Kg5 Bh3 75. f6+ Kg8 76. Ne5 Kf8 77. g7+ Kg8 78. Kg6 Be6 79. Kg5 Bh3 80. Ng6 Bd7
81. f7+ Kxg7 82. Ne5 1-0

[Event "Titled Tue 17th Jun Early"]
[Site "chess.com INT"]
[Date "2025.06.17"]
[Round "8"]
[White "Yevchenko, Oleksandr"]
[Black "Mompel Ferruz, Xavier"]
[Result "1/2-1/2"]
[WhiteTitle "CM"]
[BlackTitle "FM"]
[WhiteElo "2276"]
[BlackElo "2342"]
[WhiteFideId "14108267"]
[BlackFideId "54585775"]
[EventDate "2025.06.17"]

1. c4 e5 2. Nc3 Nf6 3. Nf3 e4 4. Ng5 b5 5. d3 bxc4 6. Ngxe4 Nxe4 7. dxe4 Bb7 8.
e3 Qg5 9. h4 Qg6 10. Nd5 Bd6 11. h5 Qxe4 12. Nc3 Qe6 13. h6 g6 14. Qd4 Be5 15.
Qxc4 Qxc4 16. Bxc4 Bxg2 17. Rg1 Bb7 18. f4 Bxc3+ 19. bxc3 d5 20. Rb1 Bc6 21. Bb3
Nd7 22. Ba3 a5 23. Rd1 Nb6 24. Bc5 a4 25. Bc2 Nc4 26. Kf2 f6 27. Rd4 Kf7 28. e4
Rhd8 29. Rgd1 Nb2 30. Rb1 a3 31. exd5 Bxd5 32. Rxd5 Rxd5 33. Bb3 c6 34. Bxd5+
cxd5 35. Bxa3 Rxa3 36. Rxb2 Rxc3 37. Rb7+ Ke6 38. Rxh7 Rc2+ 39. Kg3 Rxa2 40. Rg7
Ra8 41. Rxg6 Kf5 42. Rg7 Rh8 43. h7 d4 44. Rd7 Kg6 45. Rxd4 Rxh7 46. Rd5 Ra7 47.
Rb5 Ra1 48. Rb6 Ra3+ 49. Kg4 Ra4 50. Rb5 Ra1 51. Rc5 Rg1+ 52. Kf3 Rh1 53. Kg4
Rh7 54. Rb5 Rf7 55. f5+ Kg7 56. Rb6 Rc7 57. Ra6 Rc4+ 58. Kf3 Rc5 59. Kf4 Rc1 60.
Ra5 Kh6 61. Kg4 Rg1+ 62. Kf4 Kh5 63. Ra6 Rf1+ 64. Ke4 Kg5 65. Ra5 Rf4+ 66. Ke3
Rxf5 67. Rxf5+ Kxf5 68. Kf3 Kg5 69. Kg3 Kf5 70. Kf3 Ke6 71. Kf4 f5 72. Kf3 Kf6
73. Kf4 Kg6 74. Kf3 Kg5 75. Kg3 f4+ 76. Kf3 Kf5 77. Kf2 Kf6 78. Kf3 Ke5 79. Kf2
Ke4 80. Ke2 Kf5 81. Kf3 Kg5 82. Kf2 Kg4 83. Kg2 Kf5 84. Kf3 Ke5 85. Kf2 Kf5 86.
Kf3 1/2-1/2

[Event "Titled Tue 17th Jun Early"]
[Site "chess.com INT"]
[Date "2025.06.17"]
[Round "8"]
[White "Saya, Ethan"]
[Black "Balavignan, Ashvin"]
[Result "0-1"]
[WhiteTitle "FM"]
[BlackTitle "CM"]
[WhiteElo "2262"]
[BlackElo "2023"]
[WhiteFideId "26095181"]
[BlackFideId "3261425"]
[EventDate "2025.06.17"]

1. e4 e6 2. d4 d5 3. Nd2 c5 4. exd5 Qxd5 5. Ngf3 cxd4 6. Bc4 Qd6 7. O-O Nf6 8.
Nb3 Nc6 9. Nbxd4 Nxd4 10. Qxd4 Qxd4 11. Nxd4 Be7 12. Nb5 O-O 13. Nc7 Rb8 14. Bf4
Bd7 15. Nb5 Rbc8 16. b3 Bxb5 17. Bxb5 Rxc2 18. Rfd1 Nd5 19. Be5 Rfc8 20. Bc4 Nb6
21. Bd3 R2c5 22. Bd4 Rd5 23. Be4 Rxd4 24. Rxd4 Bf6 25. Rdd1 Bxa1 26. Rxa1 Rc7
27. Rd1 g6 28. Kf1 Kg7 29. Ke2 f5 30. Bd3 Nd5 31. Kd2 Kf6 32. Bc4 Nb6 33. Bd3 e5
34. f3 Rd7 35. Kc1 h6 36. a4 Nc8 37. Kc2 Ne7 38. Kc1 Nc6 39. Bc4 Rxd1+ 40. Kxd1
g5 41. Kd2 Ke7 42. Ke3 Kd6 43. g3 Ne7 44. Bf7 Nd5+ 45. Kd3 b6 46. Bg8 Ne7 47.
Bf7 Kc5 48. Ke3 a5 49. f4 e4 50. fxg5 hxg5 51. h4 f4+ 52. Kxe4 fxg3 53. Kf3 gxh4
54. Bc4 Nf5 55. Bf1 Kb4 56. Kf4 Nd4 57. Kg4 Nxb3 58. Kxh4 Nc5 59. Kxg3 Nxa4 60.
Kf2 Nc3 61. Ke3 a4 62. Kd2 b5 63. Kc1 Nd5 64. Kb2 Nb6 65. Ka2 Nc4 66. Bh3 Kc5
67. Be6 b4 68. Bd7 b3+ 69. Ka1 Kb4 70. Be6 a3 71. Bf7 b2+ 72. Ka2 Nd2 73. Bg6
Nb3 74. Bc2 Nc1+ 75. Kb1 Kc3 76. Bb3 Nxb3 77. Ka2 Nd2 78. Kxa3 b1=Q 79. Ka4 Qb4# 0-1

[Event "Titled Tue 17th Jun Early"]
[Site "chess.com INT"]
[Date "2025.06.17"]
[Round "8"]
[White "Kalyani Sirin"]
[Black "Peczely, Sebastian Zsombor"]
[Result "1-0"]
[WhiteTitle "WFM"]
[BlackTitle "FM"]
[WhiteElo "2138"]
[BlackElo "2309"]
[WhiteFideId "33323500"]
[BlackFideId "750964"]
[EventDate "2025.06.17"]

1. e4 c5 2. Nf3 d6 3. d4 cxd4 4. Qxd4 Nf6 5. Be2 Nc6 6. Qe3 Ng4 7. Qf4 e5 8. Qd2
Nf6 9. Bd3 Bg4 10. Qe3 Be7 11. O-O O-O 12. c4 Qb6 13. Qxb6 axb6 14. Ne1 Nb4 15.
f3 Be6 16. Na3 b5 17. cxb5 Bxa2 18. Bd2 Nxd3 19. Nxd3 Bb3 20. Bb4 Rfc8 21. Nxe5
Ne8 22. Nd3 Bf6 23. Rac1 Bd4+ 24. Kh1 d5 25. exd5 Bxd5 26. Bc5 Bf6 27. Rfe1 Nc7
28. Bb6 Ne6 29. Kg1 g6 30. Nc2 Bc4 31. Ncb4 Bxb5 32. Be3 Kg7 33. Kf2 Rd8 34. Nc5
Nxc5 35. Rxc5 Be8 36. Nd5 Bxb2 37. Rb1 Ra2 38. Nb4 Ba3+ 39. Nxa2 Bxc5 40. Bxc5
Rd2+ 41. Kg3 Rxa2 42. Rxb7 Rc2 43. Bd4+ Kf8 44. Rb8 Re2 45. Bf6 Re6 46. Bg5 Kg7
47. h4 f6 48. Bf4 Bf7 49. Rb7 Re8 50. Kh3 Rc8 51. g4 Rc3 52. Kg3 Kf8 53. Bh6+
Ke8 54. Rb8+ Kd7 55. Rf8 Ke7 56. Bg7 f5 57. Rxf7+ Kxf7 58. Bxc3 Ke6 59. g5 Kd5
60. Kf4 Ke6 61. Bb2 Kd5 62. Ke3 Kc4 63. f4 Kb3 64. Bg7 Kc4 65. Bh6 Kc3 66. Bg7+
Kc4 67. Bf6 Kd5 68. Kd3 Kc5 69. Be7+ Kd5 70. Ba3 Kc6 71. Kd4 Kd7 72. Ke5 Kc6 73.
Kf6 Kd5 74. Kg7 Ke4 75. Bd6 Kf3 76. Kxh7 Kg4 77. Kxg6 1-0

[Event "Titled Tue 17th Jun Early"]
[Site "chess.com INT"]
[Date "2025.06.17"]
[Round "8"]
[White "Bold, Andre"]
[Black "Logozar, Elijah"]
[Result "1/2-1/2"]
[WhiteTitle "CM"]
[WhiteElo "2235"]
[BlackElo "1928"]
[WhiteFideId "16208471"]
[BlackFideId "30963788"]
[EventDate "2025.06.17"]

1. d4 Nf6 2. Nf3 d5 3. c4 c6 4. Nc3 e6 5. Qb3 dxc4 6. Qxc4 b5 7. Qd3 Bb7 8. e4
b4 9. Ne2 c5 10. Ng3 Nbd7 11. dxc5 Nxc5 12. Qxd8+ Rxd8 13. Bb5+ Nfd7 14. Be3 a6
15. Bxc5 Bxc5 16. Ba4 Ke7 17. O-O Nb6 18. Bb3 Rc8 19. Rac1 a5 20. Bc2 Ba6 21.
Rfd1 Nc4 22. Bd3 Bb5 23. Bxc4 Bxc4 24. Rxc4 Bxf2+ 25. Kxf2 Rxc4 26. Rd2 Rhc8 27.
Ke2 Rc2 28. Ne1 Rc1 29. b3 g6 30. Nf1 Ra1 31. Nd3 f6 32. Ne3 Rh1 33. h3 h5 34.
Nc4 Ra8 35. Nc5 Ra7 36. Rd1 Rxd1 37. Kxd1 e5 38. Nd3 Ke6 39. Ke2 f5 40. exf5+
Kxf5 41. Ke3 e4 42. Nc5 g5 43. Nxe4 g4 44. hxg4+ Kxg4 45. Ne5+ Kf5 46. Nc4 Kg4
47. Ncd2 h4 48. Kd4 Rc7 49. Kd3 Rd7+ 50. Ke2 Rc7 51. Nc4 Re7 52. Nd6 Re6 53. Ke3
h3 54. gxh3+ Kxh3 55. Kd4 Rg6 56. Nc4 Rg2 57. Ned2 Rg1 58. Nxa5 Ra1 59. Nac4
Rxa2 60. Kc5 Rc2 61. Kxb4 Kg4 62. Ne4 Rh2 63. Nc3 Rh8 64. Nb5 Rb8 65. Na3 Rh8
66. Kc4 Rh3 67. Nc3 Rh5 68. b4 Rh8 69. Nd5 Rc8+ 70. Kb5 Rb8+ 71. Nb6 Kf5 72. Nc4
Rh8 73. Kc6 Ke6 74. b5 Rh1 75. Na4 Rc1 76. Nb2 Rh1 77. b6 Rh8 78. Nd3 Rc8+ 79.
Kb5 Rb8 80. Nc5+ Kd5 81. Ne3+ Kd6 82. Nf5+ Kd5 83. Ne7+ Kd6 84. Nf5+ Kd5 85.
Ne3+ Kd6 86. Nc4+ Kd5 87. Na5 Rxb6+ 88. Kxb6 1/2-1/2

[Event "Titled Tue 17th Jun Early"]
[Site "chess.com INT"]
[Date "2025.06.17"]
[Round "8"]
[White "Tarnowska, Aleksandra"]
[Black "Toroptseva, Yevheniia"]
[Result "0-1"]
[WhiteTitle "WCM"]
[BlackTitle "WFM"]
[WhiteElo "1882"]
[BlackElo "2104"]
[WhiteFideId "1180967"]
[BlackFideId "34109374"]
[EventDate "2025.06.17"]

1. e4 c5 2. Nf3 e6 3. g3 d5 4. exd5 exd5 5. Bg2 Nf6 6. O-O Be7 7. d4 O-O 8. Re1
Nc6 9. c3 Ne4 10. Nbd2 f5 11. Nf1 Qb6 12. Ne3 Be6 13. c4 Rad8 14. cxd5 Bxd5 15.
Nxd5 Rxd5 16. Be3 cxd4 17. Bf4 Qxb2 18. Rb1 Qxf2+ 19. Kh1 Bb4 20. Re2 Nc3 21.
Rxf2 Nxd1 22. Rxd1 d3 23. Ng5 Rd7 24. Bxc6 bxc6 25. Kg2 h6 26. Nf3 Rfd8 27. Bd2
Bc5 28. Rff1 Re7 29. h3 Re2+ 30. Kh1 Rde8 31. Rfe1 Bf2 32. Rxe2 dxe2 33. Rc1
Bxg3 34. Kg2 f4 35. h4 Kf7 36. Be1 Bxe1 37. Rxe1 Kf6 38. Kf2 g5 39. hxg5+ hxg5
40. Rxe2 Rd8 41. Rc2 Rd6 42. Nh2 Kf5 43. Kf3 Rd3+ 44. Ke2 Rh3 45. Rc5+ Ke4 46.
Nf1 Ra3 47. Nd2+ Kd4 48. Nb3+ Ke4 49. Nd2+ Kd4 50. Rxg5 Rxa2 51. Rf5 f3+ 52.
Rxf3 c5 53. Rd3+ Ke5 54. Rc3 Kd5 55. Kd3 a5 56. Nf3 a4 57. Nd2 Ra1 58. Kc2 Rh1
59. Kb2 Kd4 60. Rc4+ Kd3 61. Nb1 Kxc4 62. Na3+ Kb4 63. Nc2+ Kb5 64. Na3+ Ka5 65.
Nc2 Rh2 66. Ka3 Rh3+ 67. Kb2 c4 68. Ka2 Rh2 69. Ka3 c3 70. Na1 Rh1 71. Nc2 Kb5
72. Nd4+ Kc4 73. Nc2 Kd3 74. Nb4+ Kd2 75. Kxa4 c2 76. Na2 Ra1 77. Kb3 Rxa2 78.
Kxa2 c1=Q 79. Kb3 Qc5 80. Ka2 Kc2 81. Ka1 Qa3# 0-1

[Event "Titled Tue 17th Jun Early"]
[Site "chess.com INT"]
[Date "2025.06.17"]
[Round "8"]
[White "Deboushnik De"]
[Black "Guo, Felix"]
[Result "1-0"]
[WhiteTitle "CM"]
[WhiteElo "2272"]
[BlackElo "2091"]
[WhiteFideId "25768778"]
[BlackFideId "30997550"]
[EventDate "2025.06.17"]

1. e4 e5 2. Nf3 Nf6 3. Nxe5 Nxe4 4. Nc3 Nxc3 5. dxc3 Qe7 6. Qe2 d6 7. Nf3 Qxe2+
8. Bxe2 Be7 9. Be3 O-O 10. O-O-O Nc6 11. h3 Be6 12. Rhe1 Rfe8 13. Nd4 Nxd4 14.
cxd4 c6 15. a4 a5 16. Bf4 d5 17. c3 h6 18. Bd3 Bf6 19. Kd2 Kf8 20. Re3 Ke7 21.
Rde1 Kd7 22. g4 Bh4 23. R1e2 Re7 24. Bh2 Rae8 25. f4 Kd8 26. b4 axb4 27. cxb4
Bd7 28. Rxe7 Bxe7 29. Kc3 Bd6 30. b5 cxb5 31. axb5 Rxe2 32. Bxe2 Kc7 33. Bf3
Bxb5 34. Bxd5 f6 35. Bf3 Bf1 36. h4 b5 37. Bg3 Bc4 38. h5 Bf7 39. d5 Kb6 40. Bh4
Bxf4 41. Bf2+ Kc7 42. Kb4 Be8 43. Bc5 Bd6 44. Be4 Bd7 45. Bf5 Be8 46. Bg6 Bd7
47. Bf5 Be8 48. Bd3 Bd7 49. Be2 Be8 50. Bxb5 Bf7 51. Bc4 Be8 52. Bd3 Bf7 53. Bf5
Be8 54. Be6 f5 55. Bxf5 Bf7 56. Kc4 Bxc5 57. Kxc5 Kd8 58. Kd6 Ke8 59. Ke5 Ke7
60. d6+ Kd8 61. Bg6 Bg8 62. Be4 Ba2 63. Bd5 Bb1 64. Ke6 Ke8 65. Bc6+ Kd8 66. Kf7
g5 67. hxg6 Ba2+ 68. Kg7 Bb1 69. Kxh6 Ba2 70. g7 Bg8 71. Kg6 Be6 72. Kh7 Bf7 73.
g8=Q+ Bxg8+ 74. Kxg8 Kc8 75. Kf7 1-0